000 nam a22 7a 4500
999 _c9385
_d9385
008 180129b ||||| |||| 00| 0 eng d
100 _aBetcher,C.etal.
_95615
245 _aThe Interactive Whiteboard revolution
260 _aAustralia
_bACER
_c2009